[Event "Manhattan March Int"]
[Site "New York"]
[Date "1999.03.07"]
[Round "3"]
[White "Shliperman, Igor"]
[Black "Ashley, Maurice"]
[Result "0-1"]
[WhiteElo "2442"]
[BlackElo "2473"]
[Annotator "Ftacnik,L"]
[PlyCount "68"]
[EventDate "1999.03.05"]
[EventType "tourn"]
[EventRounds "9"]
[EventCountry "USA"]
[EventCategory "10"]
[SourceTitle "CBM 070"]
[Source "ChessBase"]
[SourceDate "1999.06.08"]
[SourceVersion "1"]
[SourceVersionDate "1999.06.08"]
[SourceQuality "1"]

1. d4 Nf6 2. c4 g6 3. Nc3 d5 4. Bf4 Bg7 5. e3 c5 6. dxc5 Qa5 7. Rc1 dxc4 8.
Bxc4 O-O 9. Nf3 Nc6 10. O-O Qxc5 11. Bb3 Qa5 12. h3 Bf5 13. Qe2 Ne4 14. Nd5 e5
15. Rxc6 bxc6 16. Ne7+ Kh8 17. Nxc6 Qb6 (17... Qc5 18. Ncxe5 Qe7 19. Rc1 g5 20.
Rc7 Qxc7 21. Ng6+ fxg6 22. Bxc7 {1-0 Kharlov,A-San Segundo,P/Malaga/1999/ (31)}
) 18. Ncxe5 Be6 19. Nc4 (19. Bxe6 Qxe6 20. Qc2 f5 (20... Nf6 21. Qa4 Nd5 22.
Bg3 f6 (22... Nb6 23. Qa6 Qd5 24. b3 Kg8 25. Rc1 Rfe8 26. e4 Qxe4 27. Nxf7 {
1-0 Meins,G-Lagunow,A/Berlin/1993/ (37)}) 23. Nd4 Qe8 24. Nec6 Ne7 25. Rc1 Nxc6
26. Rxc6 Rc8 {1/2-1/2 Grigore,G-Herrera,I/Linares/1999/ (62)}) 21. Nc4 (21. Qa4
Nc5 22. Qb5 Rac8 23. Nd4 Qe8 24. Ndc6 Nd7 25. Nf3 a6 26. Qxa6 Nc5 27. Qc4 Qxc6
{1/2-1/2 Meins,G-Coenen,N/Groningen/1998/ (41)}) 21... Rac8 22. b3 Qe7 (22...
Nc3 23. Be5 Bxe5 24. Nfxe5 Ne4 25. Qb2 Kg8 26. Rd1 Rfd8 27. Rd4 {1/2-1/2
Sinkovics,P-Vegh,E/Hungary/1998/ (55)}) 23. h4 Rfd8 24. Rd1 Rxd1+ 25. Qxd1 Rd8
26. Qc2 Rd5 27. Ng5 {1/2-1/2 Dannehr,J-Schimmel,B/FRG-chT qual corr 1991/ (27)}
) (19. Rc1 Rac8 20. Rxc8 Rxc8 21. Nxf7+ Kg8 22. Nh6+ Bxh6 23. Bxe6+ Qxe6 24.
Bxh6 Qxa2 25. Qb5 Qf7 {0-1 Frolik,E-Sauermann,W/OLWuert/1988/ (54)}) (19. Qc2
$5 Bxb3 20. Qxe4 Be6 (20... Bxa2 $6 21. Nd7 Qxb2 22. Nxf8 Rxf8 23. Be5 $14) 21.
Ng5 $6 (21. b3) 21... Kg8 $1 22. Nc6 Bxa2 $1 23. Bd6 h6 $6 (23... Rfe8 24. Ne7+
Kh8 $15) 24. Qxg6 $1 fxg6 $8 25. Ne7+ Kh8 26. Nxg6+ Kg8 {1/2-1/2 Gavrikov,
V-Kochyev,A/Tallinn/1987/ (26)}) 19... Qa6 (19... Bxc4 20. Qxc4 Nc5 21. Ne5
Nxb3 22. axb3 (22. Nd7 Qb7 {0-1 Vasile,C-Modena,G/EU-chT4 corr8896/ 1988/ (22)}
) 22... Qb7 23. Rd1 Rac8 24. Qd5 Qxd5 25. Rxd5 Rc1+ 26. Kh2 Rc2 {1/2-1/2
Pyrich,G-McGowan,P/SCO-ch corr/1992/ (26)}) 20. Nd4 (20. Ng5 $2 Nxg5 21. Bxg5
Rfc8 22. Rc1 Rc5 $19) 20... Bd5 {White has two pawns for the exchange, but his
pieces lack coordination.} 21. Rc1 (21. f3 Nc5 $15) 21... Rac8 22. Qf1 (22. f3
$5 Nd6 (22... Nc5 $2 23. Nd6 $16) (22... Nf6 23. Be5 $13) 23. Bxd6 Bxc4 24.
Rxc4 Qxd6 $11) 22... Rc5 23. Na3 (23. f3 Rfc8 24. fxe4 Bxc4 $17) 23... Rxc1 (
23... Qxf1+ 24. Rxf1 g5 25. Bxd5 Rxd5 26. Bh2 $15) 24. Qxc1 Rc8 25. Qd1 Bxb3
26. axb3 (26. Qxb3 Rc1+ 27. Kh2 Nxf2 28. Qxf7 Rh1+ 29. Kg3 Ne4+ 30. Kf3 Ng5+
31. Bxg5 Rf1+ $19) 26... Qf6 {Black has achieved some success, white's pawn
structure was compromised and black can generate attack against white king.}
27. Qf3 $6 (27. Nc4 $5 g5 28. Qg4 Rd8 29. Bg3 $13) 27... Rc1+ 28. Kh2 Qe7 29.
Nc4 f5 (29... Rf1 30. Bg3 f5 31. Qf4 $13) 30. Bg3 h6 31. h4 (31. Qf4 Qb4 $5)
31... Nf6 $6 (31... Qb4 $5 32. Ne2 (32. h5 $2 Qe1 $19) 32... Ra1 $17) 32. Qa8+
$2 {Shliperman misses his last chance for tactical complications.} (32. Ne5 $5
Qxe5 (32... Kh7 33. h5 Nxh5 34. Nxg6 Qg5 35. Nf8+ Bxf8 36. Ne6 Qg4 37. Nxf8+
Kg8 38. Qa8 $13) 33. Bxe5 Ng4+ 34. Qxg4 (34. Kh3 Rh1+ $19) 34... Bxe5+ (34...
fxg4 35. Bxg7+ Kxg7 36. Kg3 h5 37. b4 $15) 35. Qg3 Bxg3+ 36. Kxg3 Rb1 37. h5
$15) 32... Kh7 33. f3 (33. Bd6 Qe4 $17) 33... Nh5 34. Bf2 (34. Ne2 Nxg3 35.
Kxg3 (35. Nxc1 Qxh4+ 36. Kg1 f4 37. Kf2 fxe3+ 38. Nxe3 Ne4+ $19)) 34... Rf1 0-1

[Event "Manhattan March Int"]
[Site "New York"]
[Date "1999.03.09"]
[Round "4"]
[White "Ashley, Maurice"]
[Black "Burnett, Ronald"]
[Result "1-0"]
[WhiteElo "2473"]
[BlackElo "2420"]
[PlyCount "61"]
[EventDate "1999.03.05"]
[EventType "tourn"]
[EventRounds "9"]
[EventCountry "USA"]
[EventCategory "10"]
[SourceTitle "CBM 070"]
[Source "ChessBase"]
[SourceDate "1999.06.08"]
[SourceVersion "1"]
[SourceVersionDate "1999.06.08"]
[SourceQuality "1"]

1. e4 g6 2. d4 Bg7 3. c4 d6 4. Nc3 e5 5. d5 a5 6. Be2 h5 7. Nf3 Nf6 8. Bg5 O-O
9. O-O Qe8 10. Ne1 Na6 11. Nd3 Bd7 12. b3 Nh7 13. Be3 f5 14. exf5 Bxf5 15. Rc1
Bf6 16. c5 e4 17. Nf4 Nxc5 18. Nb5 Qe7 19. a3 Be5 20. b4 axb4 21. axb4 Na6 22.
Qd2 Nf6 23. Nd4 Qf7 24. Nxf5 gxf5 25. Ne6 Rfc8 26. f4 exf3 27. Bxf3 Ng4 28.
Bxg4 hxg4 29. b5 Nc5 30. Bxc5 dxc5 31. Qg5+ 1-0

[Event "Manhattan March Int"]
[Site "New York"]
[Date "1999.03.10"]
[Round "5"]
[White "Waitzkin, Joshua"]
[Black "Ashley, Maurice"]
[Result "1/2-1/2"]
[WhiteElo "2467"]
[BlackElo "2473"]
[PlyCount "21"]
[EventDate "1999.03.05"]
[EventType "tourn"]
[EventRounds "9"]
[EventCountry "USA"]
[EventCategory "10"]
[SourceTitle "CBM 070"]
[Source "ChessBase"]
[SourceDate "1999.06.08"]
[SourceVersion "1"]
[SourceVersionDate "1999.06.08"]
[SourceQuality "1"]

1. e4 c5 2. Nf3 d6 3. d4 cxd4 4. Nxd4 Nf6 5. Nc3 a6 6. Be2 e5 7. Nb3 Be7 8. O-O
O-O 9. Kh1 Nc6 10. f4 b5 11. Bd3 1/2-1/2

[Event "Manhattan March Int"]
[Site "New York"]
[Date "1999.03.11"]
[Round "6"]
[White "Ashley, Maurice"]
[Black "Kacheishvili, Giorgi"]
[Result "1-0"]
[WhiteElo "2473"]
[BlackElo "2570"]
[PlyCount "97"]
[EventDate "1999.03.05"]
[EventType "tourn"]
[EventRounds "9"]
[EventCountry "USA"]
[EventCategory "10"]
[SourceTitle "CBM 070"]
[Source "ChessBase"]
[SourceDate "1999.06.08"]
[SourceVersion "1"]
[SourceVersionDate "1999.06.08"]
[SourceQuality "1"]

1. Nf3 Nf6 2. d4 d5 3. c4 e6 4. Nc3 Bb4 5. cxd5 exd5 6. Bg5 Qd6 7. e3 Ne4 8.
Qc2 Qg6 9. Bd3 h6 10. Bf4 Bxc3+ 11. Kf1 Bb4 12. Qa4+ Nc6 13. Ne5 Nd2+ 14. Kg1
Nf3+ 15. Kf1 Nfxe5 16. Bxg6 Nxg6 17. Bxc7 O-O 18. a3 Be7 19. Ke2 Nh4 20. Bg3
Nf5 21. Rhc1 Be6 22. Kf1 Nxg3+ 23. hxg3 Rfb8 24. Qd1 Na5 25. b3 Rc8 26. Rxc8+
Rxc8 27. Rc1 Bxa3 28. Rxc8+ Bxc8 29. Qa1 Bb4 30. Qa4 Nc6 31. Qb5 Bf8 32. Qxd5
Nb4 33. Qa5 a6 34. e4 Bd7 35. Qb6 Bb5+ 36. Kg1 Bd3 37. f3 Bc2 38. Qxb7 Bxb3 39.
Qa8 Ba4 40. g4 Bb5 41. d5 Nd3 42. d6 Nf4 43. g3 Ne6 44. f4 Nc5 45. e5 Nd7 46.
Qd5 Be2 47. e6 Nf6 48. exf7+ Kh8 49. d7 1-0

[Event "Manhattan March Int"]
[Site "New York"]
[Date "1999.03.13"]
[Round "7"]
[White "Ady, Jonathan James"]
[Black "Ashley, Maurice"]
[Result "0-1"]
[WhiteElo "2412"]
[BlackElo "2473"]
[PlyCount "57"]
[EventDate "1999.03.05"]
[EventType "tourn"]
[EventRounds "9"]
[EventCountry "USA"]
[EventCategory "10"]
[SourceTitle "CBM 070"]
[Source "ChessBase"]
[SourceDate "1999.06.08"]
[SourceVersion "1"]
[SourceVersionDate "1999.06.08"]
[SourceQuality "1"]

1. e4 c6 2. d4 d5 3. e5 Bf5 4. Nc3 e6 5. g4 Bg6 6. Nge2 Ne7 7. Nf4 c5 8. h4
cxd4 9. Nb5 Nec6 10. h5 Be4 11. f3 a6 12. fxe4 axb5 13. exd5 exd5 14. Kf2 Be7
15. Bxb5 O-O 16. Qe2 Nd7 17. h6 g6 18. Nxd5 Bh4+ 19. Kg2 Ndxe5 20. Nf4 Bg5 21.
Bd2 Qd6 22. a4 Rae8 23. Rae1 Re7 24. c4 dxc3 25. bxc3 Nxg4 26. Qxg4 Qxd2+ 27.
Ne2 Rfe8 28. Kf1 Re4 29. Qg3 0-1

[Event "Corus-B"]
[Site "Wijk aan Zee"]
[Date "2000.01.18"]
[Round "1"]
[White "Ashley, Maurice"]
[Black "Onischuk, Alexander"]
[Result "1/2-1/2"]
[WhiteElo "2499"]
[BlackElo "2637"]
[Annotator "Hecht,H"]
[PlyCount "101"]
[EventDate "2000.01.18"]
[EventType "tourn"]
[EventRounds "11"]
[EventCountry "NED"]
[EventCategory "11"]
[SourceTitle "CBM 075"]
[Source "ChessBase"]
[SourceDate "2000.04.05"]
[SourceVersion "1"]
[SourceVersionDate "2000.04.05"]
[SourceQuality "1"]

1. d4 Nf6 2. c4 e6 3. Nc3 Bb4 4. e3 O-O 5. Nge2 d5 6. a3 Be7 7. cxd5 exd5 8.
Nf4 c6 9. Bd3 Re8 10. O-O Nbd7 11. b4 Bd6 12. Qc2 Nf8 13. Bd2 Bd7 14. b5 Bxf4
15. exf4 cxb5 16. Nxb5 Ne4 17. Qb2 Nxd2 18. Qxd2 Bxb5 19. Bxb5 Re7 20. Be2 Nd7
21. Bf3 Nf6 22. Rfc1 Qd6 23. Qb4 Qxb4 24. axb4 Kf8 25. g4 b6 26. Rc6 Rd8 27.
Kg2 Ne4 28. h4 Nd6 29. h5 Nb5 30. Rd1 Rc7 31. Rxc7 Nxc7 {[#] Origineller
Springerfang nach Gewaltmarsch des weiЯen Kцnigs.} 32. f5 Ke7 33. Kg3 h6 34.
Be2 a6 35. f4 a5 36. b5 a4 37. Rc1 Kd7 38. Ra1 Ra8 39. Ra3 Ra5 40. f6 gxf6 41.
g5 fxg5 42. fxg5 hxg5 43. h6 Ra8 44. h7 Rh8 (44... f5 45. Bd3 $1) 45. Bd3 Ne8
46. Kg4 Nf6+ 47. Kxg5 Nxh7+ 48. Kh6 Nf8+ 49. Kg7 Rh4 50. Kxf8 Rxd4 51. Kxf7 (
51. Kxf7 Kd6 52. Bc2 Kc5 53. Bxa4 Kb4 54. Ra2 Ka5 $11) 1/2-1/2

[Event "Corus-B"]
[Site "Wijk aan Zee"]
[Date "2000.01.22"]
[Round "4"]
[White "Ashley, Maurice"]
[Black "Avrukh, Boris"]
[Result "1/2-1/2"]
[WhiteElo "2499"]
[BlackElo "2620"]
[PlyCount "61"]
[EventDate "2000.01.18"]
[EventType "tourn"]
[EventRounds "11"]
[EventCountry "NED"]
[EventCategory "11"]
[SourceTitle "CBM 075"]
[Source "ChessBase"]
[SourceDate "2000.04.05"]
[SourceVersion "1"]
[SourceVersionDate "2000.04.05"]
[SourceQuality "1"]

1. e4 c5 2. Nf3 d6 3. d4 cxd4 4. Nxd4 Nf6 5. Nc3 Nc6 6. Bc4 e6 7. Be3 Be7 8.
Qe2 Bd7 9. O-O-O Rc8 10. f4 O-O 11. Nxc6 bxc6 12. e5 Nd5 13. exd6 Bxd6 14. Qd3
Qc7 15. Rhf1 Rcd8 16. Ne4 Be7 17. Bd4 Bc8 18. Qg3 f6 19. Bc5 Kh8 20. Qf2 Bxc5
21. Nxc5 Qb6 22. g3 e5 23. fxe5 Bh3 24. Rfe1 fxe5 25. Qg1 Bg4 26. Rd3 Qb4 27.
Bb3 Bf5 28. a3 Qg4 29. Rdd1 e4 30. Kb1 Qg6 31. Rd4 1/2-1/2

[Event "Corus-B"]
[Site "Wijk aan Zee"]
[Date "2000.01.23"]
[Round "5"]
[White "Danailov, Silvio"]
[Black "Ashley, Maurice"]
[Result "1-0"]
[WhiteElo "2462"]
[BlackElo "2499"]
[PlyCount "125"]
[EventDate "2000.01.18"]
[EventType "tourn"]
[EventRounds "11"]
[EventCountry "NED"]
[EventCategory "11"]
[SourceTitle "CBM 075"]
[Source "ChessBase"]
[SourceDate "2000.04.05"]
[SourceVersion "1"]
[SourceVersionDate "2000.04.05"]
[SourceQuality "1"]

1. c4 c5 2. Nf3 Nc6 3. d4 cxd4 4. Nxd4 e6 5. g3 Qb6 6. Nb3 Bb4+ 7. Bd2 Nf6 8.
Bg2 d5 9. cxd5 exd5 10. O-O O-O 11. Bg5 Ne4 12. Qxd5 Nxg5 13. Qxg5 h6 14. Qh5
Nd4 15. Nxd4 Qxd4 16. Nc3 Bxc3 17. bxc3 Qxc3 18. Rac1 Qa3 19. Bd5 Qe7 20. Rb1
Rb8 21. Rfc1 Be6 22. Qe5 Rfd8 23. Bxe6 Qxe6 24. Qxe6 fxe6 25. Rc7 Rd2 26. Rbxb7
Rxb7 27. Rxb7 Rxa2 28. e3 Kh7 29. Re7 Ra6 30. g4 Kg6 31. Kg2 Kf6 32. Rb7 Ra4
33. Kg3 a5 34. Ra7 Ra1 35. h4 g5 36. h5 a4 37. Kf3 a3 38. Ra5 a2 39. Kg2 e5 40.
Ra6+ Kg7 41. Kf3 Kf7 42. Ke4 Rg1 43. Rxa2 Rxg4+ 44. Kxe5 Rb4 45. Ra7+ Kg8 46.
Ra8+ Kf7 47. Ra7+ Kg8 48. e4 Rb2 49. f3 Rb3 50. Ra8+ Kf7 51. Ra7+ Kg8 52. Ra6
Kh7 53. Rf6 Ra3 54. Ke6 Ra6+ 55. Kf5 Ra5+ 56. e5 Ra7 57. e6 Ra5+ 58. Ke4 Ra4+
59. Ke5 Ra5+ 60. Kd6 Ra6+ 61. Ke7 Ra7+ 62. Kf8 Ra8+ 63. Kf7 1-0

[Event "Corus-B"]
[Site "Wijk aan Zee"]
[Date "2000.01.25"]
[Round "7"]
[White "Tiviakov, Sergei"]
[Black "Ashley, Maurice"]
[Result "1-0"]
[WhiteElo "2567"]
[BlackElo "2499"]
[PlyCount "157"]
[EventDate "2000.01.18"]
[EventType "tourn"]
[EventRounds "11"]
[EventCountry "NED"]
[EventCategory "11"]
[SourceTitle "CBM 075"]
[Source "ChessBase"]
[SourceDate "2000.04.05"]
[SourceVersion "1"]
[SourceVersionDate "2000.04.05"]
[SourceQuality "1"]

1. e4 c5 2. Nf3 d6 3. d4 cxd4 4. Nxd4 Nf6 5. Nc3 a6 6. Be3 e5 7. Nb3 Be7 8. f3
Be6 9. Qd2 h5 10. O-O-O Nbd7 11. Kb1 Rc8 12. Bd3 Qc7 13. f4 b5 14. Rhe1 O-O 15.
h3 b4 16. Ne2 a5 17. g4 a4 18. Nbc1 Nc5 19. Bxc5 dxc5 20. f5 c4 21. fxe6 fxe6
22. Ng3 cxd3 23. Nxd3 hxg4 24. hxg4 b3 25. cxb3 axb3 26. axb3 Ra8 27. Qc3 Qa7
28. Nxe5 Nxg4 29. Nc6 Qa2+ 30. Kc2 Rf2+ 31. Rd2 Bf6 32. e5 Rxd2+ 33. Qxd2 Rc8
34. Qd7 Qa6 35. Qxe6+ Kf8 36. Qd6+ Kg8 37. Qd5+ Kf8 38. exf6 Rxc6+ 39. Kb1 Nxf6
40. Qd8+ Kf7 41. Nf5 g5 42. b4 Re6 43. Qc7+ Kg6 44. Ne7+ Kh6 45. Rh1+ Nh5 46.
Nf5+ Kg6 47. Qc2 Re2 48. Ne7+ Kh6 49. Nf5+ Kg6 50. Ne7+ Kh6 51. b5 Qe6 52. Nf5+
Kg6 53. Nd4+ Rxc2 54. Nxe6 Rc8 55. Rg1 Nf6 56. Rxg5+ Kf7 57. Nd4 Ne4 58. Rg2
Nd6 59. Rf2+ Ke7 60. Nf5+ Ke6 61. Nxd6 Kxd6 62. Ka2 Ra8+ 63. Kb3 Kc5 64. Rf5+
Kb6 65. Kb4 Ra2 66. Rf6+ Kb7 67. Kc5 Rxb2 68. Rf7+ Kc8 69. Kb6 Rb1 70. Rf8+ Kd7
71. Rb8 Rb2 72. Ka7 Kc7 73. b6+ Kc6 74. Rc8+ Kb5 75. b7 Ra2+ 76. Kb8 Rg2 77.
Rd8 Rc2 78. Rd1 Rh2 79. Kc7 1-0

[Event "Corus-B"]
[Site "Wijk aan Zee"]
[Date "2000.01.27"]
[Round "8"]
[White "Ashley, Maurice"]
[Black "Delemarre, Jop"]
[Result "1/2-1/2"]
[WhiteElo "2499"]
[BlackElo "2354"]
[PlyCount "59"]
[EventDate "2000.01.18"]
[EventType "tourn"]
[EventRounds "11"]
[EventCountry "NED"]
[EventCategory "11"]
[SourceTitle "CBM 075"]
[Source "ChessBase"]
[SourceDate "2000.04.05"]
[SourceVersion "1"]
[SourceVersionDate "2000.04.05"]
[SourceQuality "1"]

1. e4 d6 2. d4 Nf6 3. Nc3 g6 4. Be3 c6 5. f3 b5 6. Qd2 Nbd7 7. Nd1 Bg7 8. Bd3
e5 9. c3 d5 10. Nf2 O-O 11. Ne2 Re8 12. O-O a6 13. Rad1 Bb7 14. Bh6 c5 15. Bxg7
Kxg7 16. dxc5 Nxc5 17. Qe3 Qe7 18. Ng3 h6 19. Bc2 Rad8 20. Rfe1 Qc7 21. Bb3
dxe4 22. Ngxe4 Bxe4 23. fxe4 Nxb3 24. axb3 Rxd1 25. Rxd1 Rd8 26. Rxd8 Qxd8 27.
b4 Ng4 28. Nxg4 Qd1+ 29. Kf2 Qxg4 30. g3 1/2-1/2

[Event "Corus-B"]
[Site "Wijk aan Zee"]
[Date "2000.01.28"]
[Round "9"]
[White "Van der Wiel, John"]
[Black "Ashley, Maurice"]
[Result "1-0"]
[WhiteElo "2558"]
[BlackElo "2499"]
[Annotator "Hecht,H"]
[PlyCount "119"]
[EventDate "2000.01.18"]
[EventType "tourn"]
[EventRounds "11"]
[EventCountry "NED"]
[EventCategory "11"]
[SourceTitle "CBM 075"]
[Source "ChessBase"]
[SourceDate "2000.04.05"]
[SourceVersion "1"]
[SourceVersionDate "2000.04.05"]
[SourceQuality "1"]

1. e4 c5 2. Nf3 d6 3. d4 cxd4 4. Nxd4 Nf6 5. Nc3 a6 6. a4 Nc6 7. Be2 e5 8. Nxc6
bxc6 9. f4 exf4 10. Bxf4 Qb6 11. a5 Qxb2 12. Na4 Qb4+ 13. Bd2 Qxe4 14. Nb6 Rb8
15. Nxc8 Rxc8 16. O-O Qd4+ 17. Kh1 Qa7 18. Be3 c5 19. Qd3 Be7 20. Qxa6 Qxa6 21.
Bxa6 Ra8 22. Bb7 Ra7 23. a6 Kd7 24. Rad1 Rb8 25. Bxc5 Raxb7 26. axb7 Rxb7 27.
Bd4 Ke6 28. Rde1+ Kd5 29. c3 Bd8 30. h3 Kc4 31. Rf4 Nd5 32. Rg4 h5 33. Rxg7
Nxc3 34. Bxc3 Kxc3 {[#] Die schwarzen Bauernschwдchen fьhren bald zu doppeltem
Bauernverlust. Auch beim Freibauernrennen erweisen sich die Tьrme in jeder
Hinsicht stдrker als Turm und Lдufer.} 35. Rf1 d5 36. Rgxf7 Rb5 37. R7f5 h4 38.
Rd1 Kc4 39. Rf4+ Kc5 40. Rf5 Kc4 41. Kg1 Be7 42. Kf1 Bd6 43. Rf6 Rb6 44. Rh6 d4
45. Rxh4 Be5 46. Ke2 Rb3 47. Re4 Bf6 48. Rf4 Be5 49. Rg4 Ra3 50. h4 Re3+ 51.
Kf2 Ra3 52. h5 Ra8 53. h6 Rh8 54. Re1 Bb8 55. Rh1 Kc3 56. h7 Rf8+ 57. Ke1 Be5
58. Rg8 Rf4 59. Rc8+ Kd3 60. Rh3+ 1-0

[Event "Corus-B"]
[Site "Wijk aan Zee"]
[Date "2000.01.30"]
[Round "11"]
[White "Hendriks, Willy"]
[Black "Ashley, Maurice"]
[Result "0-1"]
[WhiteElo "2373"]
[BlackElo "2499"]
[Annotator "Ftacnik,L"]
[PlyCount "62"]
[EventDate "2000.01.18"]
[EventType "tourn"]
[EventRounds "11"]
[EventCountry "NED"]
[EventCategory "11"]
[SourceTitle "CBM 075"]
[Source "ChessBase"]
[SourceDate "2000.04.05"]
[SourceVersion "1"]
[SourceVersionDate "2000.04.05"]
[SourceQuality "1"]

1. e4 c5 2. Nf3 d6 3. d4 cxd4 4. Nxd4 Nf6 5. Nc3 a6 6. Bc4 e6 7. Bb3 Nc6 8. O-O
Be7 9. Be3 O-O 10. f4 Nxd4 11. Bxd4 b5 12. e5 dxe5 13. fxe5 Nd7 14. Ne4 Bb7 15.
Nd6 Bxd6 16. exd6 Qg5 17. Qe2 Kh8 18. Rad1 Qg6 19. Bc3 (19. c4 bxc4 (19... e5
$6 20. Bc3 bxc4 21. Bxc4 f5 22. Bd5 $1 Qxd6 23. Bxb7 Qb6+ 24. Kh1 Qxb7 25. Qd3
$14) 20. Bxc4 f5 $1 21. Bc3 f4 22. Bd3 (22. Kh1 $1 e5 (22... f3 23. gxf3 Qh5
24. Rd3 Nc5 25. Re3 $16) 23. Bd5 Bxd5 24. Rxd5 Qe6 (24... e4 25. Rd4 Rae8 26.
Qxa6 $16) 25. Rfd1 $14) 22... f3 $1 23. Qf2 Qh5 {0-1 Illescas Cordoba,M-Polgar,
J/Dos Hermanas 1997/ (32)}) 19... f5 {Black king sits in the deep corner in
order to enable this push in the moment, when e6 pawn is not completely
protected.} 20. Rf2 (20. Bxe6 Rae8 $19) 20... Rae8 21. a4 f4 22. Qd3 (22. axb5
f3 23. Qc4 fxg2 24. Rxf8+ Rxf8 25. bxa6 Qf5 26. Qe2 Bc6 $15) 22... Rf5 23. axb5
axb5 24. Rdd2 (24. Kh1 Bc6 $11) 24... Bc6 25. Bb4 f3 26. Qc3 Rc8 27. Qe3 $2 {
A terrible oversight in an unclear position. Black had to strive for
compensation as white bishop' s pair could become very dangerous.} (27. g3 Re5
28. Rd3 $13) 27... Re5 28. Rxf3 (28. Qd3 Re1+ 29. Rf1 Rxf1+ 30. Qxf1 fxg2 31.
Qe1 Rf8 32. Rf2 Rxf2 33. Qxf2 Qg4 $19) 28... Rxe3 29. Rxe3 Ra8 30. h3 Ra1+ 31.
Kh2 Qg5 0-1

[Event "Foxwoods op 02nd"]
[Site "Connecticut"]
[Date "2000.04.23"]
[Round "6"]
[White "Ashley, Maurice"]
[Black "Bologan, Viktor"]
[Result "1-0"]
[WhiteElo "2499"]
[BlackElo "2589"]
[PlyCount "77"]
[EventDate "2000.04.20"]
[EventType "swiss"]
[EventRounds "7"]
[EventCountry "USA"]
[SourceTitle "EXT 2001"]
[Source "ChessBase"]
[SourceDate "2000.11.22"]
[SourceVersion "1"]
[SourceVersionDate "2000.11.22"]
[SourceQuality "1"]

1. e4 c5 2. Nf3 e6 3. d4 cxd4 4. Nxd4 a6 5. Nc3 b5 6. Bd3 d6 7. O-O Nf6 8. Qe2
Be7 9. f4 Bb7 10. a4 b4 11. Nd1 Nbd7 12. Nf2 Nc5 13. a5 Nfd7 14. Bd2 Bf6 15.
Qe3 b3 16. cxb3 O-O 17. Bc2 e5 18. fxe5 Nxe5 19. Bc3 Bg5 20. Qe2 Ne6 21. Nxe6
fxe6 22. b4 Bc6 23. Ba4 Bxa4 24. Rxa4 Qd7 25. Raa1 Nc6 26. Rad1 Rfb8 27. Nd3
Qe7 28. Kh1 Rb5 29. Qg4 e5 30. Rf5 h6 31. Rdf1 Rb7 32. h4 Be3 33. R5f3 Ba7 34.
Rf6 Qd7 35. Qg6 Ne7 36. Qf7+ Kh7 37. Bd2 Ng8 38. Qg6+ Kh8 39. Rf7 1-0

[Event "New York op"]
[Site "New York"]
[Date "2000.05.06"]
[Round "4"]
[White "Gersov, Evgeny"]
[Black "Ashley, Maurice"]
[Result "1/2-1/2"]
[WhiteElo "2282"]
[BlackElo "2499"]
[PlyCount "60"]
[EventDate "2000.05.05"]
[EventType "swiss"]
[EventRounds "9"]
[EventCountry "USA"]
[SourceTitle "CBM 076 Extra"]
[Source "ChessBase"]
[SourceDate "2000.07.11"]
[SourceVersion "1"]
[SourceVersionDate "2000.07.11"]
[SourceQuality "1"]

1. e4 c5 2. Nf3 d6 3. d4 cxd4 4. Nxd4 Nf6 5. Nc3 a6 6. Bc4 e6 7. Bb3 b5 8. O-O
Be7 9. f4 O-O 10. f5 e5 11. Nde2 Bb7 12. Ng3 b4 13. Nd5 Nxd5 14. Bxd5 Bxd5 15.
Qxd5 Nd7 16. Nh5 Qb6+ 17. Kh1 Rac8 18. Qd3 Qb5 19. Bd2 Qxd3 20. cxd3 a5 21.
Rac1 Rxc1 22. Bxc1 Rc8 23. Be3 Rc2 24. Rf2 Rc6 25. Re2 Bd8 26. Kg1 Bb6 27. Kf2
Rc1 28. Ng3 a4 29. Bxb6 Nxb6 30. Re1 Rc2+ 1/2-1/2

[Event "New York op"]
[Site "New York"]
[Date "2000.05.10"]
[Round "8"]
[White "Ashley, Maurice"]
[Black "Karatorossian, David"]
[Result "1-0"]
[WhiteElo "2499"]
[BlackElo "2345"]
[PlyCount "69"]
[EventDate "2000.05.05"]
[EventType "swiss"]
[EventRounds "9"]
[EventCountry "USA"]
[SourceTitle "CBM 076 Extra"]
[Source "ChessBase"]
[SourceDate "2000.07.11"]
[SourceVersion "1"]
[SourceVersionDate "2000.07.11"]
[SourceQuality "1"]

1. e4 e6 2. d4 d5 3. Nc3 Bb4 4. e5 b6 5. a3 Bxc3+ 6. bxc3 Qd7 7. Qg4 f5 8. Qg3
Ba6 9. Bxa6 Nxa6 10. Ne2 O-O-O 11. a4 Nb8 12. a5 Nc6 13. Qd3 Nge7 14. Bg5 Kb8
15. O-O Ka8 16. axb6 cxb6 17. c4 dxc4 18. Qxc4 Rc8 19. Qb5 Qb7 20. Rfb1 Kb8 21.
c4 h6 22. Bxe7 Nxe7 23. Nf4 Qc6 24. Qa6 Rc7 25. c5 Nc8 26. Nd3 Rb7 27. Nb4 Qe4
28. Re1 Qf4 29. Nc6+ Ka8 30. cxb6 Rf8 31. Reb1 Qe4 32. Na5 Rxb6 33. Rxb6 Nxb6
34. Nc4 Nc8 35. Nb6+ 1-0

[Event "World op 28th"]
[Site "Philadelphia"]
[Date "2000.07.29"]
[Round "2"]
[White "Ashley, Maurice"]
[Black "Belorusov, Mikhail"]
[Result "1/2-1/2"]
[WhiteElo "2499"]
[BlackElo "2293"]
[PlyCount "108"]
[EventDate "2000.06.28"]
[EventType "swiss"]
[EventRounds "9"]
[EventCountry "USA"]
[SourceTitle "EXT 2001"]
[Source "ChessBase"]
[SourceDate "2000.11.22"]
[SourceVersion "1"]
[SourceVersionDate "2000.11.22"]
[SourceQuality "1"]

1. e4 e6 2. d4 d5 3. Nc3 Bb4 4. e5 c5 5. a3 cxd4 6. axb4 dxc3 7. Qg4 cxb2 8.
Bxb2 g6 9. Nf3 Nd7 10. Bd3 Nb6 11. Bd4 Bd7 12. Qf4 h5 13. Ng5 Nh6 14. Nxf7 Nxf7
15. Bxg6 O-O 16. Bc5 Nc4 17. h4 Kg7 18. Bd3 Nfxe5 19. Bxf8+ Qxf8 20. Qg5+ Kf7
21. Qxh5+ Ke7 22. Qg5+ Qf6 23. Qxf6+ Kxf6 24. Be2 a6 25. g4 Ng6 26. g5+ Kg7 27.
Bxc4 dxc4 28. h5 Nf4 29. O-O-O Bc6 30. Rh4 Nd5 31. Re1 Nc7 32. Rf4 Rh8 33. h6+
Kg6 34. Rg1 Nd5 35. Re4 Rf8 36. Rh4 Ne7 37. h7 Kg7 38. g6 Be8 39. Rxc4 Nxg6 40.
Rc7+ Bf7 41. Rxb7 Kxh7 42. Ra7 Kg7 43. Rxa6 Kf6 44. Rg3 Ne5 45. Kb2 Bg6 46. Rc3
Be4 47. Rc5 Rg8 48. Kc3 Nd7 49. Rc4 Kf5 50. Rxe4 Kxe4 51. Rxe6+ Kd5 52. Re2 Rf8
53. Rd2+ Kc6 54. Kb3 Nb6 1/2-1/2

[Event "World op 28th"]
[Site "Philadelphia"]
[Date "2000.07.30"]
[Round "3"]
[White "Vigorito, David"]
[Black "Ashley, Maurice"]
[Result "1/2-1/2"]
[WhiteElo "2297"]
[BlackElo "2499"]
[PlyCount "54"]
[EventDate "2000.06.28"]
[EventType "swiss"]
[EventRounds "9"]
[EventCountry "USA"]
[SourceTitle "EXT 2001"]
[Source "ChessBase"]
[SourceDate "2000.11.22"]
[SourceVersion "1"]
[SourceVersionDate "2000.11.22"]
[SourceQuality "1"]

1. c4 c5 2. Nf3 Nc6 3. Nc3 e5 4. g3 g6 5. Bg2 Bg7 6. d3 Nge7 7. Nd2 d6 8. Nf1
Rb8 9. Ne3 a6 10. a4 O-O 11. O-O b6 12. Rb1 Nb4 13. Bd2 Bb7 14. Ned5 Nexd5 15.
Nxd5 Nxd5 16. Bxd5 Bxd5 17. cxd5 a5 18. e4 f5 19. f3 Rf7 20. Qb3 f4 21. g4 Bf6
22. Kh1 b5 23. axb5 Rfb7 24. Bc3 Rxb5 25. Qa4 Qd7 26. Ra1 Bd8 27. Ra3 Qe7
1/2-1/2